Detalles MARC
| 000 -LÍDER |
| Campo fijo de descripción fija |
01593cam a2200373 i 4500 |
| 001 - NÚMERO DE CONTROL |
| Campo de control |
768714001 |
| 003 - IDENTIFICADOR DEL NÚMERO DE CONTROL |
| Campo de control |
CO-MdFUSB |
| 005 - FECHA Y HORA DE LA ULTIMA TRANSACCIÓN |
| control field |
20220625062547.0 |
| 007 - CAMPO FIJO DE DESCRIPCIÓN FIJA--INFORMACIÓN GENERAL |
| Campo fijo de descripción fija |
ta |
| 008 - ELEMENTOS DE LONGITUD FIJA -- INFORMACIÓN GENERAL |
| Campo fijo de descripción fija -- Información general |
880712t1989 enk b 001 0 eng |
| 020 ## - NÚMERO INTERNACIONAL NORMALIZADO PARA LIBROS |
| Número Internacional Normalizado del libro |
0521315484 |
| 040 ## - FUENTE DE CATALOGACIÓN |
| Agencia de catalogación original |
DLC |
| Idioma de catalogación |
eng |
| Agencia que realiza la transcripción |
CO-MdFUSB |
| Agencia que realiza la modificación |
YDX |
| -- |
FIL |
| -- |
DAY |
| -- |
MUQ |
| -- |
BAKER |
| -- |
NLGGC |
| -- |
BTCTA |
| -- |
YDXCP |
| -- |
ITC |
| -- |
LOA |
| -- |
RPY |
| -- |
BDX |
| -- |
EUM |
| -- |
OCLCF |
| -- |
PB4 |
| -- |
STA |
| -- |
UtOrBLW |
| Convenciones de la descripción |
rda |
| 041 0# - CÓDIGO DE IDIOMA |
| Código de idioma para texto/pista de sonido o título separado |
eng |
| 082 ## - NÚMERO DE CLASIFICACIÓN DECIMAL DEWEY |
| Número de la edición del Dewey |
23 |
| Número de clasificación |
181.06 |
| Clave de autor-Numero de item |
W732 |
| 100 1# - ASIENTO PRINCIPAL--NOMBRE PERSONAL |
| Nombre personal |
Williamson, Ronald. |
| Término relacionador |
autor |
| 245 10 - TÍTULO |
| Título del Material |
Jews in the Hellenistic world : |
| Parte restante del título - Subtitulo |
Philo / |
| Mención de responsabilidad, etc. |
Ronald Williamson. |
| 264 #1 - PRODUCCIÓN, PUBLICACIÓN, DISTRIBUCIÓN, MANUFACTURA, Y COPYRIGHT |
| Lugar de producción, publicación, distribución, manufactura |
Cambridge [Cambridgeshire] : |
| -- |
New York : |
| Nombre del productor, publicador, distribuidor |
Cambridge University Press, |
| Fecha de producción, publicación, distribución, manufactura, o copyright |
[1989] |
| 264 #4 - PRODUCCIÓN, PUBLICACIÓN, DISTRIBUCIÓN, MANUFACTURA, Y COPYRIGHT |
| Fecha de producción, publicación, distribución, manufactura, o copyright |
© 1989 |
| 300 ## - DESCRIPCIÓN FÍSICA |
| Extensión |
xii, 314 páginas ; |
| Dimensiones |
23 cm. |
| 336 ## - TIPO DE CONTENIDO |
| Término de tipo de contenido |
texto |
| Código de tipo de contenido |
txt |
| Fuente |
rdacontent. |
| 337 ## - TIPO DE MEDIO |
| Nombre del tipo de medio |
sin mediación |
| Código del tipo de medio |
n |
| Fuente |
rdamedia. |
| 338 ## - TIPO DE SOPORTE |
| Nombre del tipo de soporte |
volumen |
| Código Tipo de soporte |
nc |
| Fuente |
rdacarrier. |
| 490 1# - MENCIÓN DE SERIE |
| Mención de serie |
Cambridge commentaries on writings of the Jewish and Christian world, 200 BC to AD 200 ; |
| 500 ## - NOTA GENERAL |
| Nota General |
Incluye selecciones de las obras griegas de Philo, traducidas al inglés. |
| 504 ## - NOTA DE BIBLIOGRAFÍA, ETC. |
| Nota de bibliografía, etc |
Incluye referencias bibliográficas (p. 307-309) e índice. |
| 505 ## - NOTA DE CONTENIDO |
| Nota de contenido con formato preestablecido |
La doctrina de Dios de Filón -- La doctrina del logos de Filón -- La exégesis alegórica de las Escrituras de Filón -- La enseñanza ética de Filón. |
| 600 07 - ASIENTO SECUNDARIO DE MATERIA - NOMBRE PERSONAL |
| Nombre personal |
Filón, |
| Títulos y otros términos asociados al nombre |
de Alejandría |
| 650 #7 - ASIENTO SECUNDARIO DE MATERIA - TERMINO TEMÁTICO |
| Término temático o nombre geográfico como elemento de entrada |
Judaísmo |
| Subdivisión de forma |
Filosofía. |
| Fuente del encabezamiento o término |
|
| 9 (RLIN) |
6881 |
| 650 #7 - ASIENTO SECUNDARIO DE MATERIA - TERMINO TEMÁTICO |
| Término temático o nombre geográfico como elemento de entrada |
Judaísmo |
| Subdivisión general |
Historia |
| Fuente del encabezamiento o término |
|
| 9 (RLIN) |
6884 |
| 830 #0 - PUNTO DE ACCESO ADICIONAL DE SERIE - TÍTULO UNIFORME |
| Título uniforme |
Cambridge commentaries on writings of the Jewish and Christian world, 200 BC to AD 200 ; |
| Designación de volumen o secuencia |
v. 1, pt. 2. |
| 942 ## - TIPO DE MATERIAL (KOHA) |
| Tipo de Item KOHA |
Libros General |
| 945 ## - INFORMACIÓN LOCAL DEL REGISTRO |
| Catalogador |
JTF-925 |